| 000 | 00377 a2200157 4500 | ||
|---|---|---|---|
| 001 | 81474 | ||
| 082 | _a297.1227 MOD | ||
| 090 |
_c39735 _d39735 |
||
| 100 | _aAbual Alla Maududi | ||
| 245 | _aTafhim ul Quran (Vol-II) | ||
| 250 | _aVol-1I | ||
| 260 |
_aLahore _bTarjaman ul Quran _c2010 |
||
| 300 | _a664 | ||
| 500 | _aDOS BS Reference Books | ||
| 505 | _aAHQ Books | ||
| 942 |
_aNUST-CAE _cBS _k297.1227 MOD |
||
| 999 |
_c316547 _d316547 |
||